| 000 | 00622nam a22001937a 4500 | ||
|---|---|---|---|
| 005 | 20240620024851.0 | ||
| 008 | 230223b |||||||| |||| 00| 0 eng d | ||
| 020 | _a978-621-406-207-2 | ||
| 082 | _aFil. 613.71 P969 2019 | ||
| 100 |
_aPunzalan, Michelle D. _eauthor |
||
| 245 |
_aPhysical education 2: _bfitness exercises: college textbook / _cMichelle D. Punzalan, Marilou C. Mondina |
||
| 260 |
_aManila: _bMindshaper, _cc2019 |
||
| 300 |
_ax, 128p.: _bill. |
||
| 504 | _aIncludes bibliographies | ||
| 541 | _e6444 | ||
| 650 | _aPhysical education | ||
| 650 | _aPhysical fitness | ||
| 700 |
_aMondina, Marilou C. _eauthor |
||
| 999 |
_c1404 _d1404 |
||